000 00554nam a2200193 a 4500
001 000021665
005 20200930011414.0
008 100909s1982 mx r 000 | spa d
040 _aDO-SdBNP
_bspa
_cBNPHU
082 _a863.5
_bP4381c
100 1 _aPeréz Galdós, Benito
_945077
245 1 3 _aLa corte de Carlos IV /
_cBenito Peréz Galdós.
260 _aMéxico D. F. :
_bSiglo XXI,
_c1982.
300 _a196 p. ;
_c19 cm.
490 _aCultura Sep XXI
650 4 _aNovela española
_91123
650 4 _aLiteratura española
_9632
049 _aBNGR
999 _c21164
_d21164